O elefante cor-de-rosa (Registo nº 4511)
[ vista simples ]
| 000 -Etiqueta do registo | |
|---|---|
| Cabeçalho | 00940nam0a2200301 4500 |
| 005 - Identificador da versão | |
| Campo de controlo | 20240813122104.0 |
| 010 ## - Número internacional normalizado dos livros (ISBN) | |
| Número (ISBN) | 9789724141848 |
| 021 ## - Número do Depósito Legal | |
| Código do país | PT |
| Número | 373851/14 |
| 100 ## - Dados gerais de processamento | |
| Dados gerais de processamento | 20161103d2014 d y0pory5003 ba |
| 102 ## - Pais de publicação ou produção | |
| País de publicação | Portugal |
| 101 0# - Língua de publicação | |
| Língua do texto, banda sonora, etc. | Português |
| 215 ## - Descrição física | |
| Indicação específica da natureza do documento e extensão da espécie | [54] p. |
| Outras indicações físicas | il. color |
| 200 1# - Titulo e menção de responsabilidade | |
| Título próprio | O elefante cor-de-rosa |
| Primeira menção de responsabilidade | Luísa Dacosta |
| Outras menções de responsabilidade | il. Armando Alves |
| 225 1# - Colecção | |
| Título próprio da colecção | Obras completas de Luísa Dacosta, para a infância |
| 205 ## - Menção da edição | |
| Menção da edição | 9ª ed |
| 210 ## - Publicação, Distribuição, etc. | |
| Lugar da edição, distribuição, etc. | Alfragide |
| Nome do editor, distribuidor, etc. | Asa II |
| Data da publicação, distribuição, etc. | 2014 |
| 300 ## - Notas gerais | |
| Texto da nota | Metas Curriculares |
| Texto da nota | PNL |
| 314 ## - Notas relativas a responsabilidade intelectual | |
| Texto da nota | Luísa Dacosta é pseudónimo de Maria Luísa Saraiva Pinto dos Santos |
| 606 ## - Nome comum usado como assunto | |
| Número de registo de entrada de autoridade | 0001335 |
| Palavra de ordem | Literatura portuguesa |
| Subdivisão de assunto | Conto |
| Código do sistema | CA |
| 675 ## - Classificação Decimal Universal (CDU) | |
| Notação | 821.134.3-34 |
| Edição | 3ª ed. |
| Língua da edição | por |
| 702 #1 - Nome de autor-pessoa física (responsabilidade secundária) | |
| Número de registo de entrada de autoridade | 0000159 |
| Palavra de ordem | Alves |
| Outra parte do nome não tomada para palavra de ordem | Armando |
| Datas | 1935- |
| Código de função | Ilustrador / Técnico de desenho computorizado |
| 700 #1 - Nome de autor-pessoa física (responsabilidade principal) | |
| Número de registo de entrada de autoridade | 0001405 |
| Palavra de ordem | Dacosta |
| Outra parte do nome não tomada para palavra de ordem | Luísa |
| Elementos de identificação ou distinção | pseud. |
| Datas | 1927-2015 |
| 966 ## - Identificação da Biblioteca | |
| Sigla | EBVEN |
| 942 ## - Elementos de entrada adicionados (Koha) | |
| Tipo de item no Koha | Livro |
| Situação do levantamento | Origin of item (home branch) (coded) | Biblioteca de empréstimo | Código de barras | Cota | Circulation type (not for loan) | Tipo de documento | Nota do exemplar | Damaged status |
|---|---|---|---|---|---|---|---|---|
| Biblioteca Escolar das Vendas | Biblioteca Escolar das Vendas | BEV2524 | 8POR DAC MET PNL | Livro | Sem mensagem |
